000 00442nam a2200181Ia 4500
001 10538
005 20260306161839.0
008 260306t2014||||xx |||||||||||||| ||spa||
041 _aESP
082 _a940.2
_bP26
100 _aParry, John Horace
_eAUT
245 0 _aEuropa y la expansión del mundo (1415 - 1715)
260 _c2014
300 _a302 páginas :
_c17 cm.
650 _aGEN
654 _aCHU
942 _cLIB
_dJUS
_fJUS
_2ddc
_n
999 _c10538
_d10538